000 00307nam a22001337a 4500
008 171024b xxu||||| |||| 00| 0 eng d
020 _a9780133968217
041 _aeng
080 _25 ED
_a311
100 _a55
101 _aSTA
245 _aA SECOND COURSE IN STATISTICS
_cTERY.S
942 _2udc
_cBK
999 _c35799
_d35799